Rimas de Laura Bustos
Guardat en:
| Autor principal: | |
|---|---|
| Format: | Llibre |
| Idioma: | espanyol |
| Publicat: |
Santiago
Establecimiento tipográfico Roma
1898
|
| Edició: | 1a. ed |
| Matèries: | |
| Etiquetes: |
Afegir etiqueta
Sense etiquetes, Sigues el primer a etiquetar aquest registre!
|
MARC
| LEADER | 00000nam a2200000 a 4500 | ||
|---|---|---|---|
| 001 | UCJ3995 | ||
| 003 | CL-VaPUC | ||
| 008 | 070124e18980000CL |||||||||||||||||spa|d | ||
| 082 | 0 | 4 | |a Ch861 |b BUS |2 21 |
| 100 | 0 | |a Bustos Navarrete, Laura Rosa |e author |9 506748 | |
| 245 | 1 | 0 | |a Rimas de Laura Bustos |
| 250 | |a 1a. ed | ||
| 300 | |a 364 p | ||
| 942 | |c BK | ||
| 945 | |d 20070124 00:00:00 |a rinostro | ||
| 260 | |a Santiago |b Establecimiento tipográfico Roma |c 1898 | ||
| 500 | |a Retrato de la autora; viñetas e ilustraciones | ||
| 500 | |a Nació el 9 de setiembre de 1884 y murió el 29 de julio de 1897. Vivió menos de trece años | ||
| 600 | 0 | 7 | |a MUNITA GORMAZ, LAURA |2 CL-VaPUC |9 506749 |
| 600 | 0 | 7 | |a BIANCHI TUPPER, JUAN |2 CL-VaPUC |9 506750 |
| 650 | 0 | |a Poesía chilena |9 268403 | |
| 650 | 0 | |a Poesía infantil |9 307626 | |
| 650 | 0 | |a Iconografía |9 267998 | |
| 650 | 7 | |a BIOGRAFIA |2 CL-VaPUC |9 504622 | |
| 650 | 0 | |a Crítica literaria |9 269189 | |
| 583 | |a last modification |c 20070124 00:00:00 |k Rodrigo Vera | ||
| 999 | |c 320113 |d 320111 | ||
| 952 | |0 0 |1 0 |4 0 |6 CH_861_000000000000000_BUS_1898 |7 0 |8 X |9 398581 |a FDOBUD |b FDOBUD |d 2019-11-22 |i 1002015 |o Ch861 BUS 1898 |p 1002015 |r 2019-11-22 |w 2019-11-22 |y BK_X |k BUD | ||